| 000 | 00777nam a2200217Ia 4500 | ||
|---|---|---|---|
| 001 | 11341 | ||
| 003 | GE_BSU | ||
| 008 | 181216s||||||||xx |||||||||||||| ||und|| | ||
| 040 | _cGE_BSU | ||
| 080 | _a635.927(479.22) | ||
| 100 | _aისაკაძე,შ. | ||
| 245 | _aსაქართველოს ხალიჩოვანი მცენარეები | ||
| 245 | _cრედ: ნ. კეცხოველი მხატვ. გ. ნადირაძე | ||
| 260 | _aთბილისი | ||
| 260 | _bმეცნიერება | ||
| 260 | _c1970 | ||
| 300 | _a191გვ.22სმ | ||
| 300 | _eტაბულები | ||
| 653 | _aსაქართველოს ხალიჩოვანი მცენარეები | ||
| 942 | _cBK | ||
| 999 |
_c44538 _d44538 |
||